<?xml version="1.0" encoding="UTF-8"?>
<record
    xmlns:xsi="http://www.w3.org/2001/XMLSchema-instance"
    xsi:schemaLocation="http://www.loc.gov/MARC21/slim http://www.loc.gov/standards/marcxml/schema/MARC21slim.xsd"
    xmlns="http://www.loc.gov/MARC21/slim">

  <leader>00860nam a22002177a 4500</leader>
  <controlfield tag="005">20171129115254.0</controlfield>
  <datafield tag="010" ind1=" " ind2=" ">
    <subfield code="a">UR-9868 </subfield>
  </datafield>
  <datafield tag="020" ind1="6" ind2=" ">
    <subfield code="c">12.00</subfield>
  </datafield>
  <datafield tag="035" ind1=" " ind2=" ">
    <subfield code="a">U-8423</subfield>
  </datafield>
  <datafield tag="037" ind1=" " ind2=" ">
    <subfield code="b">DBAD/PUB</subfield>
  </datafield>
  <datafield tag="082" ind1=" " ind2=" ">
    <subfield code="a">270</subfield>
  </datafield>
  <datafield tag="100" ind1=" " ind2=" ">
    <subfield code="a">&#x62E;&#x631; &#x645; &#x645;&#x631; &#x627; &#x62F;  </subfield>
  </datafield>
  <datafield tag="245" ind1=" " ind2=" ">
    <subfield code="a">&#x62F; &#x646;&#x6CC;&#x627; &#x6A9;&#x627; &#x645;&#x633;&#x62A;&#x642;&#x628;&#x644;-&#x627; &#x633;&#x644;&#x627; &#x645;      </subfield>
    <subfield code="c">&#x62E;&#x631; &#x645; &#x645;&#x631; &#x627; &#x62F; </subfield>
  </datafield>
  <datafield tag="246" ind1=" " ind2=" ">
    <subfield code="b">                                                                                                                                       </subfield>
    <subfield code="a">Dunya Ka Mustaqbil-Islam</subfield>
  </datafield>
  <datafield tag="250" ind1=" " ind2=" ">
    <subfield code="a">by Khurram Murad</subfield>
  </datafield>
  <datafield tag="260" ind1=" " ind2=" ">
    <subfield code="a"> &#x646;&#x626;&#x6CC;  &#x62F; &#x644;&#x6CC;            </subfield>
    <subfield code="b">Merkazi  Maktaba Islami Publishers</subfield>
    <subfield code="c">2012</subfield>
  </datafield>
  <datafield tag="270" ind1=" " ind2=" ">
    <subfield code="a">D307,Dawat Nagar,Abul Fazal Enclave,Jamia Nagar ,</subfield>
    <subfield code="b"> New  Delhi </subfield>
    <subfield code="e">110025</subfield>
    <subfield code="k">01126971652</subfield>
    <subfield code="l">-</subfield>
  </datafield>
  <datafield tag="300" ind1=" " ind2=" ">
    <subfield code="a">20&#x635;</subfield>
    <subfield code="c">22 Cm.(B.b)     </subfield>
  </datafield>
  <datafield tag="500" ind1=" " ind2=" ">
    <subfield code="a">&#x62F;&#x648; &#x62D;&#x635;&#x6C1;</subfield>
  </datafield>
  <datafield tag="942" ind1=" " ind2=" ">
    <subfield code="2">ddc</subfield>
    <subfield code="c">UR</subfield>
    <subfield code="h">270</subfield>
    <subfield code="m">&#x62E; &#x631; &#x645;      </subfield>
    <subfield code="e"> </subfield>
  </datafield>
  <datafield tag="999" ind1=" " ind2=" ">
    <subfield code="c">147069</subfield>
    <subfield code="d">147069</subfield>
  </datafield>
  <datafield tag="952" ind1=" " ind2=" ">
    <subfield code="0">0</subfield>
    <subfield code="1">0</subfield>
    <subfield code="4">0</subfield>
    <subfield code="7">1</subfield>
    <subfield code="8">NFIC</subfield>
    <subfield code="a">DBAD</subfield>
    <subfield code="b">DBAD</subfield>
    <subfield code="d">2017-11-01</subfield>
    <subfield code="e">DBAD/PUB.</subfield>
    <subfield code="g">12.00</subfield>
    <subfield code="l">0</subfield>
    <subfield code="o">270 &#x62E; &#x631; &#x645;</subfield>
    <subfield code="p">U-8423</subfield>
    <subfield code="r">2017-11-01 00:00:00</subfield>
    <subfield code="t">1</subfield>
    <subfield code="v">12.00</subfield>
    <subfield code="w">2017-11-01</subfield>
    <subfield code="y">UR</subfield>
  </datafield>
</record>
